00313nam a2200121Ia 4500008004100000041000800041100001800049245004100067260003900108300000800147650001500155999002100170240109s9999 xx 000 0 und d aeng aGryna Frank M aJurans Quality Planning and Analysis bTata Mcgrawhill Pub Co, New Delhi  a774 aManagement c1028413d1028413